000 00587nam a2200217Ia 4500
005 20260429112052.0
008 260429s9999||||xx |||||||||||||| ||und||
020 _a9781071636374
041 _aEnglish
082 _a632.7
_bMOL
100 _aMolinari, Sergio
245 0 _aPlant-nematode interactions /
_cSergio Molinari
250 _a1st ed.
260 _aNew York :
_bHumana Press,
_c2024.
300 _axiv, 384 p.; hb
440 _aMethods in Molecular Biology 2756
650 _a Agricultural science
650 _a Nematodes
650 _aPlant pathology
942 _cTB
999 _c52182
_d52182